000 00490nam a2200169 i 4500
001 89535
003 ES-MaACL
005 20230906180218.0
007 t|
008 050111s1981 sp ||||1| spa d
100 1 _aLasarte, Francisco.
_970412
245 1 0 _aFelisberto Hernández y la escritura de "lo otro" /
_cFrancisco Lasarte.
260 _aMadrid :
_bInsula,
_c1981.
300 _a198 p. ;
_c22 cm.
600 0 4 _aHernández, Felisberto.
_962808
852 _aES-MaACL
_jL-825
_bR.101449
999 _c89535
_d89535